<?xml version="1.0" encoding="UTF-8"?>
<marc:record xmlns:marc="http://www.loc.gov/MARC21/slim">
   <marc:leader>00000nam a2200000 a 4500</marc:leader>
   <marc:datafield ind1="1" ind2=" " tag="100">
      <marc:subfield code="a">Chambers, Ed</marc:subfield>
      <marc:subfield code="4">aut</marc:subfield>
      <marc:subfield code="e">Verfasser/-in</marc:subfield>
   </marc:datafield>
   <marc:datafield ind1="1" ind2=" " tag="100">
      <marc:subfield code="a">Hillebrandt, Frank</marc:subfield>
   </marc:datafield>
   <marc:datafield ind1=" " ind2=" " tag="653">
      <marc:subfield code="a">Familie</marc:subfield>
   </marc:datafield>
   <marc:datafield ind1=" " ind2=" " tag="653">
      <marc:subfield code="a">Kirche</marc:subfield>
   </marc:datafield>
   <marc:datafield ind1=" " ind2=" " tag="653">
      <marc:subfield code="a">Organisieren</marc:subfield>
   </marc:datafield>
   <marc:datafield ind1=" " ind2=" " tag="653">
      <marc:subfield code="a">Bürgerorganisationen</marc:subfield>
   </marc:datafield>
   <marc:datafield ind1="0" ind2="0" tag="245">
      <marc:subfield code="a">Organisieren für Familie und Gemeinde</marc:subfield>
   </marc:datafield>
   <marc:datafield ind1="0" ind2="0" tag="245">
      <marc:subfield code="b">Gott hat uns nicht gegeben den Geist der Furcht, sondern der Kraft und der Liebe und der Besonneheit</marc:subfield>
   </marc:datafield>
   <marc:datafield ind1=" " ind2="1" tag="264">
      <marc:subfield code="a">Chicago</marc:subfield>
      <marc:subfield code="b">Industrial Areas Foundation</marc:subfield>
      <marc:subfield code="c">1998</marc:subfield>
   </marc:datafield>
   <marc:datafield ind1="1" ind2=" " tag="520">
      <marc:subfield code="a">Bereits vor 20 Jahren geschrieben, liegt hiermit - m. W. erstmals in deutscher Sprache - eine authentische Darstellung der von Saul D. Alinsky entwickelten und von der Stiftung "Industrial Areas Foundation" unterstützten Methode des "Community Organizing" vor. Die Voraussetzungen und Erfolge dieses in den USA, aber auch in England sowie in ersten Ansätzen auch in Deutschland erfolgreich praktizierten Ansatzes zur Stärkung kommunaler, bürgerschaftlicher Selbsthilfe, bei dem einer ökumenisch fundierten Wertediskussion zentrale Bedeutung zukommt, werden praxisorientiert vermittelt.</marc:subfield>
   </marc:datafield>
   <marc:datafield ind1="0" ind2=" " tag="490">
      <marc:subfield code="v">0</marc:subfield>
   </marc:datafield>
   <marc:datafield ind1=" " ind2=" " tag="300">
      <marc:subfield code="a">25 S.</marc:subfield>
   </marc:datafield>
</marc:record>
